000 00298nam a22001097a 4500
008 230626b xxu||||| |||| 00| 0 eng d
082 _22
_a337
_bNAB 1978
245 _aThe Political Economy of Imperialism
260 _aTanzania
_bTanzania Publishing House
_c1977
300 _aIX,301p
942 _2ddc
_cBK
999 _c2776
_d2776